Linear mixed models for longitudinal data
Αποθηκεύτηκε σε:
| Κύριος συγγραφέας: | |
|---|---|
| Μορφή: | Βιβλίο |
| Γλώσσα: | English |
| Δημοσίευση: |
New York :
Springer,
c2000
|
| Σειρά: | Springer series in statistics
|
| Θέματα: | |
| Ετικέτες: |
Προσθήκη ετικέτας
Δεν υπάρχουν, Καταχωρήστε ετικέτα πρώτοι!
|
MARC
| LEADER | 00000nam a2200000 i 4500 | ||
|---|---|---|---|
| 001 | 1/70155 | ||
| 008 | 080114s2000 eng d | ||
| 020 | |a 0-387-95027-3 | ||
| 035 | |l 10093607 | ||
| 040 | |a GR-MY-UA |b gre |e aacr | ||
| 041 | 0 | |a eng | |
| 082 | 0 | |a 519.53 |2 (22) | |
| 100 | 1 | |a Verbeke, Geert. | |
| 245 | 1 | 0 | |a Linear mixed models for longitudinal data / |c Geert Verbeke, Geert Molenberghs |
| 260 | |a New York : |b Springer, |c c2000 | ||
| 300 | |a xxii, 568 σ.; |b εικ.; |c 25 εκ. | ||
| 490 | 1 | |a Springer series in statistics | |
| 504 | |a Περιέχει βιβλιογραφικές παραπομπές (σ. [523]-553) και ευρετήριο. | ||
| 650 | 0 | 0 | |a Linear models (Statistics) |
| 650 | 0 | 0 | |a Longitudinal method. |
| 852 | |a INST |b LESVOS |e 20090408 |h 519.53 VER |p 005100044746 |q 005100044746 |t BK |y 0 | ||
| 852 | |a INST |b SAMOS |e 20080114 |h 519.53 VER |p 005300027202 |q 005300027202 |t BK |y 0 | ||
| 901 | |a BIBL3-2008-1 | ||
| 901 | |a BIBL1-2009-1 | ||
| 909 | |a Σ |b 143412 | ||
| 909 | |a Λ |b 154285 | ||
| 922 | |a 3ΕΛΗ |b 200712 |c ΕΠΕΑΕΚ2/ΤΣΑΕ |d ΕΛΕΥΘΕΡΟΥΔΑΚΗΣ | ||
| 922 | |a 1ΕΛΗ |b 200809 |c ΕΠΕΑΕΚ2/ΤΓ |d ΜΙΧΑΛΟΠΟΥΛΟΣ | ||
| 970 | |a ΣΙΤΖΙΜΗ |b ΓΙΑΣΕΜΗ |z 2008/01/14 | ||